000 00316nam a22001337a 4500
008 180906b xxu||||| |||| 00| 0 eng d
020 _a9780787954048
041 _aeng
080 _a616.073
100 _a3
101 _aSHM
245 _aChanging The U,s Health Care Systems
_cAnderson.r.m
942 _2udc
_cBK
999 _c47587
_d47587